00872nam a2200205 a 4500003000200000005001700002008004100019050003200060100002900092245016900121260009200290300004800382504004100430650002000471650003500491650003900526650003400565650003500599650003200634020250410093336.0970101s19uu xx 00 eng d aPGS RA 644.S17 b.W337 2004 aWatson, Michael Allen P. aPerception of Grade 6 students of Southville International School and Colleges on the SARS (Severe Acute Respiratory Syndrome) outbreak /cMichael Allen P. Watson. aLas Piñas City, Philippines : bSouthville International School and Colleges,c2004. a50 pages :bcolored illustrations ;c28 cm. aIncludes bibliographical references. aSARS (Disease). aDisease outbreaksvPrevention. aCommunicable diseasesvPrevention. aStudentsvHealth and hygiene. aHealth educationvPhilippines. aPublic healthvPhilippines.